| 000 | 02046nam a2200337 c 4500 | ||
|---|---|---|---|
| 003 | BLK | ||
| 005 | 20180422110959.0 | ||
| 008 | 180409b bul|||||r ||||||| ||bul|| | ||
| 010 | _aKNG00129700000 | ||
| 040 | _aBLK | ||
| 041 |
_aBUL _cBUL |
||
| 080 |
_aКлинична фармакология. Прилагане на лекарства - Пътища и методи на въвеждане на лекарства, показания, неоправдан прием на лекарства, увлечение по вземане на лекарства, клинично изучаване на нови _b615.03 _x _z615.03 |
||
| 100 | 1 |
_aАрнаудов, Георги Димитров _eпърви автор _9280587 |
|
| 700 | 1 |
_aАрнаудова, Петя Георгиева _eсъавт. _9370272 |
|
| 139 |
_aАрнаудов, Георги Димитров и др. _bА 87 |
||
| 245 | 1 | 0 |
_aЛекарствена терапия _cГеорги Димитров Арнаудов; съавт. Петя Георгиева Арнаудова. |
| 246 | 1 | 1 | _aPharmacotherapia |
| 250 | _a6. осн. прераб. изд. | ||
| 257 | _aBGR | ||
| 260 |
_аСофия _bМедицина и физкултура _c1984 |
||
| 300 |
_a976 с. _bс табл. _c24 см |
||
| 380 | _a61 | ||
| 500 | _a1. изд. 1942 със загл. Практическа лекарствена терапия. - 26 105 тир. - Библиогр. с. 976. - Азб. указ. на лекарствените средства ; Азб. указ. на синонимите ; Азб. указ. на лекарствените средства по група ; Азб. указ. на лат. наименования на болестите. | ||
| 650 | 4 |
_aФармакотерапия _9175157 |
|
| 653 | _aфармакотерапия | ||
| 852 | _aЦб 13161 | ||
| 856 | 4 |
_qpdf _u |
|
| 856 | 4 |
_qpdf _u |
|
| 942 |
_cKNG _n0 |
||
| 944 |
_aCR _c12.04.2012 _l12.04.2012 - от С1,Р / 12.04.2012 _kЛюдмила_Стоянова |
||
| 944 |
_aED _c12.04.2012 _l12.04.2012 - от С1,Р / 12.04.2012 _k |
||
| 999 |
_c124037 _d124037 |
||